000 00289nam a2200121Ia 4500
008 190216s9999||||xx |||||||||||||| ||und||
100 _aMankar V G
245 0 _aEconomic Policy And Planning
260 _bWiley Eastern Ltd
_c1990
300 _a425 pages
650 _aEconomics
942 _cBK
999 _c9842
_d9842